000 01327nam a22001937a 4500
005 20240530144151.0
008 240530b ||||| |||| 00| 0 eng d
040 _absop
100 _aGo, David C.
245 _aGrace :
_bbroke through /
_cby David C. Go
260 _aManila, Philippines :
_bGrace Strengthening Mission,
_cc2013.
300 _a156 pages ;
_c17 cm.
336 _atext
337 _aunmediated
338 _avolume
505 0 _aPreface-- Acknowledgements-- Chapter 1: Wonder of all Wonders-- Chapter 2: Not an Accident-- Chapter 3: Completely New Leaf-- Chapter 4: Treading on Cobra-- Chapter 5: Booze and Guns-- Chapter 6: Immovable Faith-- Chapter 7: Praise from Infants-- Chapter 8: Young Hearts-- Chapter 9: Steps Ordained by God-- Chapter 10: The Blind See-- Chapter 11: Goodbye, Pocket Books-- Chapter 12: Tiny Island, Big Miracles-- Chapter 13: From IT Students to Bible Teachers-- Chapter 14: Emptied in China, Filled in Nepal-- Chapter 15: Last But Not Late-- Chapter 16: Despite Closed Gate-- Chapter 17: Perfect Timing-- Chapter 18: Impact from Older Generation-- Chapter 19: Out of the Mud-- Chapter 20: God's Bacon in Bacon-- Chapter 21: Down But Not Out-- Chapter 22: Miracle Baby and Miracle Drum-- Chapter 23: Cancer No More-- Chapter 24: Epilogue
650 _2Grace
942 _2lcc
_cBK
999 _c52896
_d52896